Las Mujeres en el quehacer político del Partido Unidad Socialcristiana /

Αποθηκεύτηκε σε:
Λεπτομέρειες βιβλιογραφικής εγγραφής
Κύριος συγγραφέας: Zúñiga Quirós, Isabel
Μορφή: Κείμενο
Θέματα:
Ετικέτες: Προσθήκη ετικέτας
Δεν υπάρχουν, Καταχωρήστε ετικέτα πρώτοι!

MARC

LEADER 00000 a a2200000 04500
001 17131
003
040
100 |a Zúñiga Quirós, Isabel  
245 |a Las Mujeres en el quehacer político del Partido Unidad Socialcristiana /  |c Isabel Zúñiga Quirós 
650 |a PARTIDOS POLITICOS  
650 |a MUJERES  
650 |a SOCIEDAD  
650 |a PODER POLITICO  
650 |a PARTICIPACION DE LA MUJER  
650 |a PARTICIPACION POLITICA  
773 |g volumen 7, número 1; páginas 287-315  
999 |c 37624  |d 37624